Jak vytvářet funkční reklamu?

Problematika vnímania a zapamätania si reklám. Výskum očnou kamerou - zariadením, ktoré slúži na sledovanie dráhy zraku testovanej osoby po reklame (eye-tracking). Využitie tejto metódy k mapovaniu prirodzených reakcií respondentov na reklamu. Moment kontaktu ako zásadné kritérium. Nevhodný okamžik...

Descripción completa

Guardado en:
Detalles Bibliográficos
Autor principal: Herink, Ondřej
Formato: Capítulo de libro
Lenguaje:checo
Materias:
Etiquetas: Agregar Etiqueta
Sin Etiquetas, Sea el primero en etiquetar este registro!

MARC

LEADER 00000naa$a2200000$$$4500
001 0059751
005 20231018130434.9
041 0 |a cze 
044 |a CZ 
245 1 0 |a Jak vytvářet funkční reklamu?  |c Ondřej Herink 
520 |a Problematika vnímania a zapamätania si reklám. Výskum očnou kamerou - zariadením, ktoré slúži na sledovanie dráhy zraku testovanej osoby po reklame (eye-tracking). Využitie tejto metódy k mapovaniu prirodzených reakcií respondentov na reklamu. Moment kontaktu ako zásadné kritérium. Nevhodný okamžik kontaktu posilňujúci odmietavé tendencie. Vizuálna výraznosť reklamy. Fungovanie humoru v reklame. Dôraz na kľúčové prvky. 
610 2 0 |a reklama 
610 2 0 |a propagácia 
610 2 0 |a komunikácia masová 
610 2 0 |a klienti 
610 2 0 |a výskum 
100 1 |a Herink, Ondřej